01700nam a2200301Ia 4500001000600000003000900006008004100015040001300056040001300069041001200082100001100094100002900105245005100134245005100185250001100236260001200247260002900259260004900288300005700337500066600394650003701060650003101097942000701128957000601135999001701141999000601158952023401164F2019IT-RoPAU130308s9999 xx 000 0 und d aIT-RoPAU cIT-RoPAU aINGLESE aAA.VV. gCodice Aut. SPICS: 12000 aEncyclopaedia Britannica-1998-Book of the Year bEncyclopaedia Britannica-1998-Book Of The Year a1a ed. aCHICAGO bEncyclopaedia Britannica c1998 [1° Ed.:1998 - Ed.Ling.Originale:1998] a"920 p. (prefazione: no ; testo: 920 [pagine: 0-0])" aEnciclopedia Britannica: Libro dell'Anno. Eventi del 1997. Catastrofi del 1997. premi Nobel del 1997. Biografie di Personaggi. Necrologi. Eventi dell'anno Divisi per Argomento. Rapporti Su: Gioco D'Azzardo, barriere Coralline, medicina Alternativa, Clonazione, inglese della Letteratura per Bambini,Musica del Mondo, Culti religiosi del Giorno del Giudizio, sport Alternativi, ritorno di Hong Kong Alla Cina, integrazione Razziale in Australia e Nuova Zelanda, Povertà nell'Asia del Sud, Siccità, Nuovi investitori in America Latina. Bibliografia. Arte Visuale Giapponese. Polonia nel ventesimo Secolo. Dati del Mondo Divisi per nazione e Argomento. Indice. aENCICLOPEDIE DI CULTURA GENERALE eCodice materia Spics: 1001 cBK 71 c87413d87413 g1 0010406F_000000000000000_201971aSPICSbSPICSd2013-03-08l0oF2019r2013-03-08 00:00:00w2013-03-08yBKzProgressivo inserimento: 94 / N. Volumi: 1 Copie: 1 / data import: 1 marzo 2013 - By Epidotti, Trombetti, Vaglietti.